Classifica Pallone d'Oro 2004 - Statistics

Statistiche generali
  • Questo quiz è stato fatto 43 volte
  • Il punteggio medio è 18 su 29
Statistiche sulle risposte
Punti Nazione Squadra Calciatore % Corretto
175 Ucraina Milan Andrij Ševčenko
97%
11 Portogallo Manchester United Cristiano Ronaldo
97%
80 Francia Arsenal Thierry Henry
97%
1 Italia Milan Paolo Maldini
94%
23 Repubblica Ceca Juventus Pavel Nedvěd
94%
4 Portogallo Real Madrid Luis Figo
91%
7 Camerun Barcellona Samuel Eto'o
89%
3 Francia Real Madrid Zinédine Zidane
89%
139 Portogallo Porto / Barcellona Deco
86%
5 Costa d'Avorio Chelsea Didier Drogba
86%
5 Italia Juventus Gianluigi Buffon
86%
133 Brasile Barcellona Ronaldinho
86%
5 Inghilterra Chelsea Frank Lampard
83%
7 Brasile Milan Kakà
80%
27 Brasile Inter Adriano
74%
18 Paesi Bassi Manchester United Ruud van Nistelrooy
71%
22 Inghilterra Manchester United Wayne Rooney
66%
18 Portogallo Porto / Chelsea Ricardo Carvalho
57%
8 Svezia Ajax / Liverpool Zlatan Ibrahimović
51%
5 Spagna Monaco / Real Madrid Fernando Morientes
31%
5 Grecia Roma Traïanos Dellas
26%
2 Francia Monaco / Barcellona Ludovic Giuly
23%
15 Grecia Werder Brema Angelos Charisteas
20%
11 Repubblica Ceca Liverpool Milan Baroš
20%
2 Spagna Valencia Rubén Baraja
17%
2 Grecia Olympiakos Antōnīs Nikopolidīs
14%
2 Portogallo Porto Maniche
14%
44 Grecia AEK Atene / Bologna Theodōros Zagorakīs
14%
1 Spagna Valencia Vicente
9%
Nessun quiz corrispondente trovato
Distribuzione punteggi
Percentuale di utenti per punteggio
Percentile per numero di risposta
I tuoi punteggi nel tempo
Non hai fatto questo quiz